000
00309nam a22001217a 4500
008
180920b xxu||||| |||| 00| 0 eng d
041
_a
eng
080
_a
721
100
_a
41
101
_a
NDE
245
_a
Steel Constructiom Manual Of American Institute Steel Construction
_c
james,E
942
_2
udc
_c
BK
999
_c
48137
_d
48137